| 000 | 00841nam1a22002651i 4500 | ||
|---|---|---|---|
| 001 | v19\rc\1701150 | ||
| 005 | 20240723122225.0 | ||
| 035 | _a(NLR Aleph) 004803012 | ||
| 090 |
_a4848766 _c4848766 |
||
| 100 | _a20061002g18981901|||y0rusy50 ca | ||
| 101 | 1 |
_arus _cger |
|
| 102 | _aRU | ||
| 105 | _a z ||||| | ||
| 200 | 1 |
_aРуководство по чугуно- и сталелитейному делу _eЧ. 1-2 _fПроф. А. Ледебур |
|
| 210 |
_aСанкт-Петербург _cВ. Эриксон _d1898-1901 |
||
| 215 |
_a2 т. _d23 |
||
| 700 | 1 |
_aЛедебур _bА. _f1837-1906 _gАдольф |
|
| 801 | 0 |
_aRU _bNLR _gpsbo |
|
| 801 | 0 |
_aRU _bRuMoRGB _2psbo |
|
| 801 | 1 |
_aRU _bProSoft-M _2rusmarc |
|
| 852 |
_aNLR _j20.108.4.23 |
||
| 899 |
_aRuMoRGB _jV 266/189 |
||
| 899 |
_aRuMoRGB _jU 459/5 (ч. 2) |
||
| 899 | _aБАН | ||
| 942 | _cBOOK | ||